Statistiques concernant Pays Champions d'Europe de Volley

Cliquez ici pour prendre le quiz!

Statistiques générales

  • Ce quiz a été pris 147 fois
  • Le résultat moyen est 10 sur 11

Statistiques - réponses

Réponse% Correct
France
100%
Italie
99%
Russie
96%
URSS
96%
Pologne
94%
Pays-Bas
90%
Serbie
89%
Roumanie
86%
Tchécoslovaquie
83%
Espagne
81%
RF Yougoslavie
69%

Distribution des résultats

Percentile par nombre de réponses

% des personnes avec chaque résultat

Votre développement - résultats

Vous n’avez pas pris ce quiz